00491 2200181 4500001002100000005001700021008004100038035002400079082001100103090001700114100002900131245004300160250001100203260003300214300002100247650003000268990001100298YOGYA-0512000000003720120501200151.0 ind  0010-051200000000037 a819.22 a819.22 Pak K aPAKUBUWANA IX, Susuhunan aKidung sesingircSusuhunan Pakubuwana. aCet.1. aSemarangbDahara Prizec1991 a135 hlm.c15 cm. aKesusastraan Jawa-tembang a3960-P